| 000 | 00913cam a2200133 4500500 | ||
|---|---|---|---|
| 005 | 20260405090452.0 | ||
| 041 | _afre | ||
| 042 | _adc | ||
| 100 | 1 | 0 |
_aCifali, Mireille _eauthor |
| 245 | 0 | 0 | _aLe lien éducatif : contre-jour psychanalytique |
| 260 |
_bPresses Universitaires de France,
_c2005. |
||
| 520 | _aCet ouvrage s’adresse en priorité (avec succès puisque c’est la 5e édition) à ceux qui oeuvrent sur le terrain «des métiers de l’humain». Les questions abordées ne sont guère nouvelles, elles reviennent et traduisent les épreuves et les richesses de l’enfance, les épreuves et les doutes de l’adulte. L’auteur les expriment et les analysent avec le regard de la psychanalyse pour construire et exprimer ce «savoir de l’intérieur». | ||
| 856 | 4 | 1 | _uhttps://shs.cairn.info/le-lien-educatif-contre-jour-psychanalytique--9782130552178?lang=fr&redirect-ssocas=7080 |
| 999 |
_c2205579 _d2205579 |
||